KOHA-Header-6

Public Finance (Record no. 7012)

000 -LEADER
fixed length control field 00249nam a2200109Ia 4500
100 ## - MAIN ENTRY--AUTHOR NAME
Personal name Harvey S.Rosen
245 #0 - TITLE STATEMENT
Title Public Finance
260 ## - PUBLICATION, DISTRIBUTION, ETC. (IMPRINT)
Place of publication USA
Name of publisher Mc Graw Hill
Year of publication 1993
300 ## - PHYSICAL DESCRIPTION
Number of Pages 256
942 ## - ADDED ENTRY ELEMENTS (KOHA)
Koha item type Books
Holdings
Withdrawn status Lost status Collection code Permanent Location Current Location Shelving location Date acquired Full call number Accession Number Koha item type
    Finance MAJU MAJU Shelf No.A44 2019-09-11 332.1 609 Finance

Powered by Koha